00182nam a2200073Ia 4500008004100000082001500041100001900056245003300075240331s9999 xx 000 0 und d a303.4bSRI aSrinivas, M.N. 0aSocial change inmodern India